Guess What Country Has The Border With The Country. - Statistics

General Stats
  • This quiz has been taken 19 times
  • The average score is 13 of 15
Answer Stats
Hint Answer % Correct
Denmark Germany
100%
South Korea North Korea
100%
Russia China
94%
China Mongolia
94%
Norway Sweden
94%
India Bangladesh
89%
Bhutan India
89%
Nepal India
89%
Papua New Guinea Indonesia
89%
Malaysia Indonesia
89%
Easy Timor Indonesia
89%
Vatican City Italy
89%
Italy Switzerland
89%
Singapore Malaysia
83%
France Brazil
67%
No matching quizzes found
Score Distribution
Percent of People with Each Score
Percentile by Number Answered
Your Score History
You have not taken this quiz